00584nam a2200181Ia 4500008004100000020001500041041000800056082001700064100004100081245002400122250000600146260006100152300001800213440000600231650002000237999001900257952012600276210716s2003 xx 000 0 und d a0074630172 aeng a657.046 MUKA aMukherjee, Amitabha;Hanif, Mohammed. aModern accountancy. a1 aNew DelhibTata McGraw Hill Publishing Company Ltdc2003 axvi,1.1-37.74 v1 aAccounting(657) c197653d197653 001040708MBAaAIMITbAIMITd2004-04-15g295.00l0o657.046 MUKApMBA00218r2026-05-23 00:00:00v236.00w2021-07-16yBK